The Brokenwood mysteries. Series 9 / a South ... Read More
Available copies
- 0 of 1 copy available at LARL/NWRL Consortium.
- 0 of 1 copy available at Lake Agassiz Regional Library. (Show preferred library)
Current holds
0 current holds with 1 total copy.
Show Only Available Copies
| Location | Call Number / Copy Notes | Barcode | Shelving Location | Status | Due Date |
|---|---|---|---|---|---|
| Moorhead Public Library | DVD BRO (Text) | 33500013845839 | Main | Checked out | 07/06/2026 |
Record details
- Physical Description: 3 videodiscs (580 min.) : sound, color ; 4 3/4 in.
- Publisher: [United States] : Acorn, [2023]
Content descriptions
| General Note: | Title from container. Wide screen. |
| Creation/Production Credits Note: | Director, Mike Smith. |
| Participant or Performer Note: | Neill Rea, Fern Sutherland, Jarod Rawiri, Cristina ... Read More |
| Date/Time and Place of an Event Note: | Originally broadcast as single episodes of a ... Read More |
| Summary, etc.: | In the quaint but killer town of Brokenwood, ... Read More |
| System Details Note: | DVD, widescreen (16:9); Dolby stereo. |
Search for related items by subject
| Subject: | Murder > Investigation > New Zealand > Drama. Police > New Zealand > Drama. |
| Genre: | Television cop shows. Detective and mystery television programs. Television series. Fiction television programs. Video recordings for the hearing impaired. |
Search for related items by series
| LDR | 04157cgm a2200949 i 4500 | ||
|---|---|---|---|
| 001 | 416720 | ||
| 003 | LARL_NWRL_CONSORTIUM | ||
| 005 | 20230807155804.0 | ||
| 008 | 230612s2023 xxu580 vleng d | ||
| 007 | vd cvaizs | ||
| 040 | . | ‡aTEFMT ‡beng ‡erda ‡cTEFMT ‡dTEF ‡dGK8 ‡dOCLCF ‡dIOU ‡dOPW ‡dINO ‡dUOK ‡dLMJ ‡dHQD ‡dOCO | |
| 019 | . | ‡a1388679711 | |
| 024 | 1 | . | ‡a054961298693 |
| 028 | 4 | 2. | ‡aAMP2986 ‡bAcorn |
| 033 | 0 | 1. | ‡a2023---- |
| 035 | . | ‡a(OCoLC)1382218532 ‡z(OCoLC)1388679711 | |
| 037 | . | ‡bMidwest Tape ‡nhttp://www.midwesttapes.com | |
| 043 | . | ‡au-nz--- | |
| 082 | 0 | 4. | ‡a791.45/75 ‡223/eng/20230613 |
| 130 | 0 | . | ‡aBrokenwood mysteries (Television program). ‡nSeries 9. |
| 245 | 1 | 4. | ‡aThe Brokenwood mysteries. ‡pSeries 9 / ‡ca South Pacific Pictures production for TVNZ and Acorn TV ; produced by Tim Balme ; written by Tim Balme, Roy Ward, Sarah-Kate Lynch, Mike Smith, Kathryn Burnett ; directed by Katie Wolfe, David De Lautour, Sima Vaele Urale, Mike Smith, Jacqueline Nairn. |
| 246 | 3 | . | ‡aBrokenwood mysteries. ‡pSeason nine |
| 257 | . | ‡aNew Zealand ‡2naf | |
| 264 | 1. | ‡a[United States] : ‡bAcorn, ‡c[2023] | |
| 300 | . | ‡a3 videodiscs (580 min.) : ‡bsound, color ; ‡c4 3/4 in. | |
| 336 | . | ‡atwo-dimensional moving image ‡btdi ‡2rdacontent | |
| 337 | . | ‡avideo ‡bv ‡2rdamedia | |
| 338 | . | ‡avideodisc ‡bvd ‡2rdacarrier | |
| 340 | . | ‡b4 3/4 in. | |
| 340 | . | ‡gpolychrome ‡2rdacc | |
| 341 | 0 | . | ‡aauditory ‡bcaptions |
| 344 | . | ‡adigital ‡2rdatr | |
| 344 | . | ‡boptical ‡2rdarm | |
| 344 | . | ‡gstereo ‡2rdacpc | |
| 345 | . | ‡c16:9 | |
| 345 | . | ‡dwide screen ‡2rdaar | |
| 347 | . | ‡avideo file ‡2rdaft | |
| 347 | . | ‡bDVD video | |
| 380 | . | ‡aTelevision programs ‡2lcgft | |
| 490 | 0 | . | ‡aBrokenwood mysteries ; ‡vSeries 9 |
| 538 | . | ‡aDVD, widescreen (16:9); Dolby stereo. | |
| 532 | 1 | . | ‡aSubtitled in English for the deaf and hard of hearing |
| 500 | . | ‡aTitle from container. | |
| 511 | 1 | . | ‡aNeill Rea, Fern Sutherland, Jarod Rawiri, Cristina Ionda. |
| 518 | . | ‡aOriginally broadcast as single episodes of a television program in 2023. | |
| 500 | . | ‡aWide screen. | |
| 520 | . | ‡aIn the quaint but killer town of Brokenwood, Detectives Shepherd, Sims , and Chalmers set out to solve an onstage electrocution, the murder of a nun whose sisters have taken a vow of silence, and more. | |
| 508 | . | ‡aDirector, Mike Smith. | |
| 650 | 0. | ‡aMurder ‡xInvestigation ‡zNew Zealand ‡vDrama. | |
| 650 | 0. | ‡aPolice ‡zNew Zealand ‡vDrama. | |
| 655 | 7. | ‡aTelevision cop shows. ‡2lcgft ‡0(LARL_NWRL_CONSORTIUM)175782 | |
| 655 | 7. | ‡aDetective and mystery television programs. ‡2lcgft ‡0(LARL_NWRL_CONSORTIUM)175785 | |
| 655 | 7. | ‡aTelevision series. ‡2lcgft ‡0(LARL_NWRL_CONSORTIUM)175797 | |
| 655 | 7. | ‡aFiction television programs. ‡2lcgft ‡0(LARL_NWRL_CONSORTIUM)175627 | |
| 655 | 7. | ‡aVideo recordings for the hearing impaired. ‡2lcgft ‡0(LARL_NWRL_CONSORTIUM)175744 | |
| 700 | 1 | . | ‡aBalme, Tim, ‡d1967- ‡eproducer, ‡escreenwriter. |
| 700 | 1 | . | ‡aWard, Roy, ‡escreenwriter. ‡0(LARL_NWRL_CONSORTIUM)219361 |
| 700 | 1 | . | ‡aLynch, Sarah-Kate, ‡escreenwriter. ‡0(LARL_NWRL_CONSORTIUM)135780 |
| 700 | 1 | . | ‡aBurnett, Kathryn ‡c(Screenwriter), ‡escreenwriter. |
| 700 | 1 | . | ‡aWolfe, Katie, ‡d1968- ‡etelevision director. |
| 700 | 1 | . | ‡aDe Latour, David, ‡etelevision director. |
| 700 | 1 | . | ‡aUrale, Sima, ‡etelevision director. |
| 700 | 1 | . | ‡aSmith, Mike ‡c(Television director), ‡etelevision director, ‡escreenwriter. |
| 700 | 1 | . | ‡aNairn, Jacqueline ‡c(Television director), ‡etelevision director. |
| 700 | 1 | . | ‡aRea, Neill, ‡d1971- ‡eactor. |
| 700 | 1 | . | ‡aSutherland, Fern, ‡eactor. |
| 700 | 1 | . | ‡aRawiri, Jarod, ‡eactor. |
| 700 | 1 | . | ‡aIonda, Cristina, ‡eactor. |
| 710 | 2 | . | ‡aSouth Pacific Pictures (Firm), ‡eproduction company. ‡0(LARL_NWRL_CONSORTIUM)149704 |
| 710 | 2 | . | ‡aAcorn Media (Firm), ‡epublisher. ‡0(LARL_NWRL_CONSORTIUM)151261 |
| 901 | . | ‡a416720 ‡bOCoLC ‡c416720 ‡tbiblio ‡soclc | |

Add to basket
Permalink
Disable Highlighting